000 00701cem a22001935a 4500
001 L140312
008 070917s1808 xxk a 0 eng u
035 _a(Sirsi) u140312
041 0 _aeng
100 1 _aBaugh, Robert
245 0 0 _a[Map of Shropshire]
_h[cartographic material]
255 _aScale 1:63360
260 _aLlanymynech
_bRobert Baugh
_c1808
300 _a1 map on nine sheets
_c47 x 47 cm.
500 _aMap is dedicated 'To the Right Honorable Edward Earl of Powis, Lord Lieutenant and Custos Rotulorum of the Counties of Salop and Montgomery'.
651 4 _aShropshire
690 _aENVIRONMENTAL AND LAND CONSULTANCY-GEOMATICS-MAPPING AND POSITIONING-CARTOGRAPHY
942 _n0
999 _c116828
_d116828